| 000 | 02288cam a22005534i 4500 | ||
|---|---|---|---|
| 003 | PE-LiUPU | ||
| 005 | 20250731173114.0 | ||
| 008 | 190314s2016 ne rb 001 0 eng d | ||
| 020 | _a9004329781 | ||
| 020 | _a9789004329782 | ||
| 035 | _a(Sirsi) a251952 | ||
| 040 |
_aPE-LiUPU _bspa _cPE-LiUPU _erda _dPE-LiUPU _erda |
||
| 049 | _aPRUA | ||
| 082 | 0 | 4 |
_a222.130093353 _bK91 _223 |
| 100 | 1 |
_aKugler, Robert A., _eautor. |
|
| 245 | 1 | 0 |
_aLeviticus at Qumran : _btext and interpretation / _cRobert A. Kugler, Kyung S. Baeck ; (contributions)Eugene Ulrich, Peter W. Flint. |
| 264 | 1 |
_aLeiden : _bBrill, _c2016. |
|
| 300 |
_aix, 123 páginas ; _c29 centímetros. |
||
| 336 |
_atext _2rdacontent |
||
| 337 |
_aunmediated _2rdamedia |
||
| 338 |
_avolume _2rdacarrier |
||
| 490 | 0 |
_aSupplements to Vetus Testamentum; _vvol. 173 |
|
| 504 | _aBibliografía: páginas 105-110. | ||
| 504 | _aÍndice: páginas 111-123. | ||
| 505 | 0 | _aDiscovery and description of the Leviticus scrolls and some related texts -- Transcription of the Leviticus scrolls with variant readings -- Variant readings in order by chapter and verse -- The use of leviticus in the scrolls by chapter and verse -- The use of Leviticus in the scrolls by scroll -- Leviticus at Qumran: Concluding thoughts on text and inerpretation. | |
| 526 | _aSEG42 | ||
| 526 | _aSEG41 | ||
| 526 | _aSEG40 | ||
| 526 | _aSEG39 | ||
| 526 | _aP94 | ||
| 526 | _aP87 | ||
| 526 | _aP86 | ||
| 526 | _aP85 | ||
| 526 | _aP77 | ||
| 526 | _aP76 | ||
| 526 | _aP35 | ||
| 630 |
_aBiblia. _pLevíticos _xCrítica, interpretacion, etc |
||
| 630 | 0 | 4 |
_aBiblia. _pLevíticos _lHebreos _xVersiones _xManuscritos del Mar Muerto. |
| 630 |
_aBiblia. _pA.T. _xManuscritos hebreos. _2ram |
||
| 700 | 1 |
_aBaek, Kyung S., _eautor. |
|
| 700 | 1 |
_aUlrich, Eugene Charles, _ecolaborador . |
|
| 700 | 1 |
_aFlint, Peter W., _ecolaboradoror. |
|
| 910 |
_adbm _bsag _csag _d20190314 |
||
| 942 |
_2ddc _cBOOK |
||
| 994 |
_aC0 _bPEPRU |
||
| 596 | _a1 | ||
| 999 |
_a222.130093353 K91 _wLC _c31215 _i79994 _d31215 _e2021-4-15 _f2021-12-10 _g2 _lCCODEBUL1 _mBUL _n1 _p105.19 _r0 _sY _tBOOK _u2019-3-14 _xTEOLOGIA _PP35 _0COMPRA _o.STAFF. Colección Teología |
||
| 980 |
_81 _gALBERTO SANCHEZ Responsable de Automatización |
||